Asimov's Robots Series Trivia - Statistics

General Stats
  • This quiz has been taken 4 times
  • The average score is 3 of 26
Answer Stats
Hint Answer % Correct
Name of the telepathic robot in the Liar! short story. RB-34/Herbie
100%
Only planet where robots were banned in the 20th an early 21th century. Earth
50%
Year when The caverns of steel was released. 1953/1954
25%
Planet from which R. Daneel Olivaw originates from. Aurora
25%
Creator of the R. Daneel and his twin. Dr. Han Fastolfe
25%
Humanoid robot which is physically identical to Daneel. R. Jander Panell
25%
Name of the planet that was colonized by Elijah's son. Baleyworld
0%
Elijah Baley's son surname. Bentley
0%
Network of moving walkways found under New-York. Expressway
0%
Profession of Rikaine Delmmare before he was murdered. Fetologist
0%
Title of the short story which features a courtroom drama. Galley slave
0%
Person who is revealed to be Rikaine's killer. Gladia Delmmare
0%
Aurora faction who defends Aurora's interest. Globalists
0%
Technology used by the solarians to communicate. Holography
0%
Aurora faction who believes in humanity's right to explore the universe. Humanists
0%
Elijah Bailey's favorite exclamation. Jehoshaphat !
0%
The main rival of the person from the previous question. Kelden Amadiro
0%
Earth faction which aim to return to a pre-industrial society. Medievalists
0%
Main role of the robot Robbie before being sent away by his owners. Nurse/Caretaker
0%
Word used to describe the technology behind the robots brains. Positronics
0%
Robot which as secret telephatic abilities, and creator of the zeroth law. R. Giskard Reventlov
0%
Earth descendants who colonized new planets after Baley's death. Settlers
0%
Planet on which most of The Naked Sun takes place. Solaria
0%
Spacer enclave within New-York city. Spacetown
0%
Chief Robopsycologist working for the same corporation. Susan Calvin
0%
Corporation that created most of the first robots U.S. Robots and Mechanical Men
0%
No matching quizzes found
Score Distribution
Percent of People with Each Score
Percentile by Number Answered
Your Score History
You have not taken this quiz